Statistics for What song is it? Classic Rock Edition

Click here to take the quiz!

General Stats

  • This quiz has been taken 530 times
  • The average score is 4 of 10

Answer Stats

Hint Answer % Correct
"Hey, hey, mama, said the way you move, gonna make you sweat, gonna make you groove."Black Dog
63%
"The warden threw a party in the county jail, the prison band was there and they began to wail, the band was jumping and the joint began to swing, you should've heard those knocked out jailbirds sing."Jailhouse Rock
61%
"Mama take this badge off of me, I can't use it anymore, it's getting dark, too dark to see..."Knocking on Heavens Door
57%
"You know that it would be untrue, you know that I would be a liar, if I were to say to you, 'Girl, we couldn't get much higher.'"Light My Fire
53%
"Finished with my woman cause' she couldn't help me with my mind, people think I'm insane because I am frowning all the time."Paranoid
48%
"Load up on guns, bring your friends, it's fun to lose and to pretend. She's overboard and self-assured, oh no, I know a dirty word..."Smells Like Teen Spirit
46%
"I saw him standing there by the record machine, I knew he must've been about 17, the beat was going strong, playin' my favorite song..."I Love Rock and Roll
45%
"____ singing in the dead of night, take these broken wings and learn to fly, all your life you were only waiting for this moment to be free..."Blackbird
42%
"After the jacks are in their boxes, and the clouds have all gone to bed, you can hear happiness standing on down the street, footprints dressed in red..."The Wind Cries Mary
13%
"Don't you worry bout' what's on your mind, oh my/I'm in not hurry, I can take my time, oh my/I'm going red and my tongue's getting tied/I'm off my head and my mouth's getting dry..."Let's Spend the Night Together
5%

Score Distribution

Percentile by Number Answered

Percent of People with Each Score

Your Score History

You have not taken this quiz